000 00559nam a2200193Ia 4500
005 20250508160423.0
008 008 250505s9999 xx 000 0 eng d
037 _aTextual
040 _aFEDL
_beng
_cFEDL
041 _aeng
_2eng
084 _a155.4, BAL
_qFEDL
100 _aBaldwin James Mark
245 0 _aMental development in the child and the race
260 _aNew York, USA
_bAugustus M. Kelley Publishers
_c1968
300 _axviii,477p.
650 _aChild Psychology
942 _cTEXL
_h155.4, BAL
999 _c1364500
_d1364500